| 000 | 00511nam a2200181Ia 4500 | ||
|---|---|---|---|
| 008 | 200601s9999 xx 000 0 und d | ||
| 020 | _a978-0-17-929858-7 | ||
| 050 | _aREF PC 2640 | ||
| 050 | _b.B44 2006 | ||
| 245 | 0 | _aOxford beginner's French dictonary / | |
| 260 | _aOxford : | ||
| 260 | _bOxford University Press. | ||
| 260 | _c2006 | ||
| 300 | _a453 pages : | ||
| 300 | _c20 cm. | ||
| 650 | _aItalian language -- Dictionaries -- English. | ||
| 650 | _xEnglish language -- Dictionaries -- Italian. | ||
| 999 |
_c363381 _d363381 |
||